Hunger Games - Devine le personnage avec son prénom - Statistiques

Statistiques générales
  • Ce quiz a été pris 158 fois
  • Le résultat moyen est 14 sur 24
Statistiques - réponses
Hint Réponse % Correct
Katniss Everdeen
100%
Peeta Mellark
94%
Primrose Everdeen
89%
Coriolanus Snow
89%
Effie Trinket
82%
Finnick Odair
81%
Caesar Flickerman
76%
Seneca Crane
75%
Johanna Mason
74%
Alma Coin
72%
Haymitch Abernathy
70%
Lucy Gray Baird
62%
Plutarch Heavensbee
57%
Annie Cresta
54%
Gale Hawthorne
50%
Maysilee Donner
44%
Lucretius 'Lucky' Flickerman
38%
Séjanus Plinth
35%
Beetee Latier
30%
Volumnia Gaul
26%
Hazelle Hawthorne
26%
Casca Highbottom
24%
Crassus Snow
24%
Madge Undersee
22%
Aucun quiz correspondant
Distribution des résultats
% des personnes avec chaque résultat
Percentile par nombre de réponses
Votre historique - résultats
Vous n’avez pas pris ce quiz